• 首页
  • 本馆介绍
  • 公告通知
  • 最新文献
  • 馆藏检索
  • 电子资源
  • 读者导购
  • 参考咨询
  • 我的图书馆
  • 登录
  • 详细信息显示
  • 放入我的书架
  • 预约/预借图书
  • 作者相关作品
  • 分类相关作品
  • 丛书相关作品
  • 出版社相关作品

书目信息

  • 表格格式
  • 工作单格式
  • 卡片格式
题名:
语文教学中的人文素养价值探索
    
 
作者: 王爱淳 著
分册:  
出版信息: 长春   吉林大学出版社  2021.08
页数: 241页
开本: 24cm
丛书名:
单 册:
中图分类: G633.302
科图分类:
主题词: 中学语文课--教学研究
电子资源:
ISBN: 978-7-5692-8482-9
000 00855nam0 2200241 450
001 012001001134
005 20141202112619.0
010    @a978-7-5692-8482-9@dCNY78.00
100    @a20220905d2021 em y0chiy50 ea
101 0  @achi
102    @aCN@b220000
105    @ay z 000yy
106    @ar
200 1  @a语文教学中的人文素养价值探索@f王爱淳著@Ayu wen jiao xue zhong de ren wen su yang jia zhi tan suo
210    @a长春@c吉林大学出版社@d2021.08
215    @a241页@d24cm
300    @a基金项目:“中国语言文学”贵州省区域内一流培育学科等
330    @a本书分六章,内容包括:对人文素养的基本认识,人文素养在语文教学中之现状、成因及策略,人文素养在文本教材内容中的价值探索等。
606 0  @a中学语文课@x教学研究
690    @aG633.302@v5
701  0 @a王爱淳@4著@Awang ai chun
801  0 @aCN@bAHXH@c20221111
905    @b1362967-71@dG633.302@e1008@f5
    
    语文教学中的人文素养价值探索/王爱淳著.-长春:吉林大学出版社,2021.08
    241页;24cm
    基金项目:“中国语言文学”贵州省区域内一流培育学科等
    
    ISBN 978-7-5692-8482-9:CNY78.00
    本书分六章,内容包括:对人文素养的基本认识,人文素养在语文教学中之现状、成因及策略,人文素养在文本教材内容中的价值探索等。
●
相关链接 在E读中查询图书 在五车中查询图书 在当当中查询图书 在豆瓣中查询图书


正题名:语文教学中的人文素养价值探索     索取号:G633.302/1008         预约/预借

序号 登录号 条形码 馆藏地/架位号 状态 备注
1 1362967   213629670   第一样本阅览室/ [索取号:G633.302/1008] 在馆    
2 1362968   213629689   教育系资料室/ [索取号:G633.302/1008] 在馆    
3 1362969   213629698   教育系资料室/ [索取号:G633.302/1008] 在馆    
4 1362970   213629705   第四借阅区/ [索取号:G633.302/1008] 在馆    
5 1362971   213629714   第四借阅区/ [索取号:G633.302/1008] 在馆    
唐山师范学院图书馆 欢迎您!
大连网信软件有限公司© 版权所有